00000000nam 2200000zi 4500
0019.946045
003CaOODSP
00520250403102726
006m     o  d f      
007cr mn|||||||||
008241210e20250127oncd    obs  f000 0 fre d
020 |a9780660748443
040 |aCaOODSP|bfre|erda|cCaOODSP
043 |an-cn---
0861 |aCS89-654/2025-1F-PDF
1001 |aPresley, Laura, |eauteur.
24514|aLes expériences en matière d'études et d'emploi des jeunes ayant une incapacité, 2022 / |cpar Laura Presley.
264 1|a[Ottawa] : |bStatistique Canada = Statistics Canada, |c27 janvier 2025.
264 4|c©2025
300 |a1 ressource en ligne (19 pages) : |bgraphiques en couleur.
336 |atext|btxt|2rdacontent/fre
337 |acomputer|bc|2rdamedia/fre
338 |aonline resource|bcr|2rdacarrier/fre
4900 |aRapports sur l'incapacité et l'accessibilité au Canada
500 |aPublié aussi en anglais sous le titre : Education and employment experiences of youth with disabilities, 2022.
500 |a« N° 89-654-X2025001 au catalogue. »
504 |aComprend des références bibliographiques.
520 |a« À l’aide des données de l’Enquête canadienne sur l’incapacité (ECI) de 2022, ce feuillet d’information examine les combinaisons de niveau de scolarité et de situation d’emploi chez les jeunes de 15 à 24 ans. Il donne également un aperçu de la façon dont les caractéristiques liées à l'incapacité (type d'incapacité, sévérité et cooccurrence) et les caractéristiques sociodémographiques (région, sexe, 2ELGBTQ+, groupe racisé et statut d'immigrant) influent sur ces combinaisons » -- Fourni par l'éditeur.
650 6|aJeunes handicapés|xÉducation|zCanada|vStatistiques.
650 6|aJeunes handicapés|xTravail|zCanada|vStatistiques.
655 7|aStatistiques|2rvmgf
7102 |aStatistique Canada, |eorganisme de publication.
77508|tEducation and employment experiences of youth with disabilities, 2022 / |w(CaOODSP)9.946044
85640|qPDF|s336 Ko|uhttps://publications.gc.ca/collections/collection_2025/statcan/89-654-x/89-654-x2025001-fra.pdf
8564 |qHTML|sS.O.|uhttps://www150.statcan.gc.ca/n1/pub/89-654-x/89-654-x2025001-fra.htm